Guía práctica ilustrada para el jardín / (Registro nro. 18129)

Detalles MARC
000 -CABECERA
Campo de control 00709cam a2200217 a 4500
005 - FECHA Y HORA DE LA ULTIMA TRANSACCION
Campo de control 20160212183630.0
008 - ELEMENTOS DE LONGITUD FIJA—INFORMACION GENERAL
Campo de control 890509s1979 sp ao r 00| 0 spa d
020 ## - ISBN
ISBN 8470311360
040 ## - FUENTE DE CATALOGACIÓN
Agencia catalogadora original la
Agencia transcriptora la
Agencia Modificadora CO-BoIAVH
041 ## - IDIOMA
Código de idioma para texto/pista de sonido o título separado Español
044 ## - PAÍS DE PUBLICACIÓN
País de publicación España
082 04 - NUMERO DE CLASIFICACION DECIMAL DEWEY
Número de clasificación 635.965
Número del ítem L65g2
100 1# - ASIENTO PRINCIPAL--NOMBRE PERSONAL
Nombre personal Wright, Michael,
Fechas asociadas con el nombre 1941-
9 (RLIN) 59226
245 10 - MENCION DE TITULO
Título Guía práctica ilustrada para el jardín /
Mención de responsabilidad por Michael Wright ; asesores Frances Perry ... [et al.].
260 ## - PUBLICACION, DISTRIBUCION, ETC. (PIE DE IMPRENTA)
Lugar de publicación, distribución, etc. Barcelona :
Nombre del editor, distribuidor, etc. Blume,
Fecha de publicación, distribución, etc. 1979.
300 ## - DESCRIPCION FISICA
Extensión 2 v. :
Otros detalles físicos ilustraciones (algunas a color) ;
Dimensiones 29 x 22 cm.
650 #6 - ASIENTO SECUNDARIO DE MATERIA - TERMINO TEMATICO
Término temático o nombre geográfico como elemento de entrada Jardines.
9 (RLIN) 59227
650 #6 - ASIENTO SECUNDARIO DE MATERIA - TERMINO TEMATICO
Término temático o nombre geográfico como elemento de entrada Jardines.
Subdivisión general Características
9 (RLIN) 59228
650 #6 - ASIENTO SECUNDARIO DE MATERIA - TERMINO TEMATICO
Término temático o nombre geográfico como elemento de entrada Jardines.
Subdivisión general plantas
9 (RLIN) 59229
942 ## - ELEMENTOS ADICIONALES (KOHA)
Sistema de clasificación Dewey Decimal Classification
Tipo de ítem Libro
Existencias
Withdrawn status Lost status Sistema de Clasificación Damaged status No para préstamo Colección Inventariado Ubicación Permanente Ubicación actual Fecha de adquisición Fuente de Valor Total Checkouts Número topográfico Inventario / Código de Barras Date last seen Ejemplar Price effective from Forma de adquisición Tipo de material
    Dewey Decimal Classification     General Inventariado 2017 Bogotá Bogotá 05/07/1999 Amazon   LB-635.965 L65g2 001801 04/12/2012 V. 2 Ej. 1 04/12/2012   Libro